Greek Cities - Sudden Death - Statistics

General Stats
  • This quiz has been taken 146 times
    85 since last reset
  • The average score is 12 of 15
Answers on the Grid
Answers color-coded by a green-red scale on the quiz's grid according to % correct below.
Argos
Athens
Bryumi
Chania
Corinth
Edessa
Fez
Ioannina
Istanbul
Kavala
Kishinev
Larissa
Maribor
Mitilini
Naples
Nayanna
Nicosia
Patras
Pireaus
Rhodes
Rome
Skopje
Sofia
Sparti
Split
Thessalonki
Tirana
Tuscany
Volos
Zagreb
 
Answer Stats
Answer % Correct
Athens
100%
Thessalonki
84%
Corinth
81%
Rhodes
80%
Argos
79%
Larissa
77%
Patras
77%
Pireaus
77%
Volos
77%
Ioannina
76%
Sparti
76%
Chania
74%
Edessa
71%
Kavala
71%
Mitilini
67%
No matching quizzes found
Score Distribution
Percent of People with Each Score
Percentile by Number Answered
Your Score History
You have not taken this quiz since the last reset